Personnages de la Terre du Milieu par temps d'écran - Statistiques

Statistiques générales
  • Ce quiz a été pris 268 fois
    259 depuis la dernière actualisation
  • Le résultat moyen est 20 sur 30
Statistiques - réponses
Minutes Personnage % Correct
142 Frodo
99%
160 Gandalf
99%
96 Aragorn
98%
57 Legolas
97%
93 Sam
96%
39 Gimli
95%
144 Bilbo
91%
67 Pippin
91%
55 Merry
89%
27 Boromir
86%
51 Gollum
84%
23 Elrond
74%
20 Sarumane
71%
26 Théoden
71%
92 Thorin
70%
28 Eowyn
63%
36 Kili
58%
40 Balin
57%
27 Fili
57%
21 Smaug
52%
22 Bombur
45%
26 Bofur
44%
27 Bard
42%
21 Bifur
42%
31 Dwalin
42%
21 Gloin
42%
20 Nori
34%
21 Oin
32%
21 Ori
32%
20 Dori
29%
Aucun quiz correspondant
Distribution des résultats
% des personnes avec chaque résultat
Percentile par nombre de réponses
Votre historique - résultats
Vous n’avez pas pris ce quiz depuis la dernière actualisation